000 00492nam a2200181Ia 4500
999 _c28686
_d28686
003 OSt
005 20210106095819.0
008 190216s9999||||xx |||||||||||||| ||und||
020 _a9798130003459
040 _coclc
082 _a894.8122
_bBHA/P
100 _aBhasan
_98172
245 0 _aPrathimanatakam /
_cBhasan
260 _bPoorna Publication,
_aKozhikode:
_c2006.
300 _a75p
650 _aNadakam
942 _cBK
_2ddc
_h894.8122
_iBHA/P
_k894.8122
_mBHA/P